I can : (Record no. 640)

000 -LEADER
fixed length control field nam a22 a 4500
003 - CONTROL NUMBER IDENTIFIER
control field AKMAL
005 - DATE AND TIME OF LATEST TRANSACTION
control field 20170504141415.0
008 - FIXED-LENGTH DATA ELEMENTS--GENERAL INFORMATION
fixed length control field 170504s2001 my 00 eng d
020 ## - INTERNATIONAL STANDARD BOOK NUMBER
International Standard Book Number 9676904031 (pbk.):
Terms of availability RM17.00
040 ## - CATALOGING SOURCE
Original cataloging agency AKMAL
082 04 - DEWEY DECIMAL CLASSIFICATION NUMBER
Classification number 158.1 SWE
090 00 - LOCALLY ASSIGNED LC-TYPE CALL NUMBER (OCLC); LOCAL CALL NUMBER (RLIN)
Classification number (OCLC) (R) ; Classification number, CALL (RLIN) (NR) 158.1
Local cutter number (OCLC) ; Book number/undivided call number, CALL (RLIN) SWE
100 1# - MAIN ENTRY--PERSONAL NAME
Personal name Sweetland, Ben
9 (RLIN) 1375
245 10 - TITLE STATEMENT
Title I can :
Remainder of title the key to life's golden secrets /
Statement of responsibility, etc. Ben Sweetland
260 ## - PUBLICATION, DISTRIBUTION, ETC.
Place of publication, distribution, etc. Batu Caves, Selangor :
Name of publisher, distributor, etc. Thinker's Library,
Date of publication, distribution, etc. 2001
300 00 - PHYSICAL DESCRIPTION
Extent 281p. ;
Dimensions 22cm
650 #0 - SUBJECT ADDED ENTRY--TOPICAL TERM
Topical term or geographic name entry element Success
9 (RLIN) 2
942 ## - ADDED ENTRY ELEMENTS (KOHA)
Source of classification or shelving scheme
Koha item type Book
Holdings
Withdrawn status Lost status Source of classification or shelving scheme Damaged status Not for loan Collection code Home library Current library Shelving location Date acquired Inventory number Total Checkouts Full call number Barcode Date last seen Date last checked out Price effective from Koha item type
          NON-FICTION AKMAL Melaka AKMAL Melaka PINJAMAN 04.05.2017 100407 1 158.1 SWE 201701546 27.03.2023 27.03.2023 04.05.2017 Book
Pusat Sumber Maklumat Dato' Haji Sarmin Md Hussin, Akademi Kastam Diraja Malaysia, Melaka
Tel: 06-2331106 | Faks: 06-2313787